Capitales les moins devinées de A à Z - Statistiques

Statistiques générales
  • Ce quiz a été pris 90 fois
  • Le résultat moyen est 17 sur 24
Statistiques - réponses
Par images Hint Réponse % Correct
Indonésie Jakarta
98%
Équateur Quito
98%
Croatie Zagreb
96%
Pakistan Islamabad
95%
Arménie Erevan
94%
Burkina Faso Ouagadougou
90%
Ouganda Kampala
80%
Zambie Lusaka
79%
Seychelles Victoria
79%
Namibie Windhoek
76%
Gambie Banjul
75%
Dominique Roseau
74%
Soudan du Sud Djouba
73%
Saint-Lucie Castries
68%
Sri Lanka Sri Jayawardenepura Kotte
68%
Samoa Apia
62%
Tuvalu Funafuti
61%
Burundi Gitega
61%
Nauru Yaren
60%
Salomon Honiara
58%
Micronésie Palikir
55%
Kiribati Tarawa
54%
Îles Marshall Majuro
48%
Palaos Ngerulmud
48%
Aucun quiz correspondant
Distribution des résultats
% des personnes avec chaque résultat
Percentile par nombre de réponses
Votre historique - résultats
Vous n’avez pas pris ce quiz